Some legal aspects of BIM in establishing a collaborative relationship (Record no. 83268)
[ view plain ]
| 000 -LEADER | |
|---|---|
| fixed length control field | 00773cab a22002055a 4500 |
| 001 - CONTROL NUMBER | |
| control field | L153375 |
| 008 - FIXED-LENGTH DATA ELEMENTS--GENERAL INFORMATION | |
| fixed length control field | 110718s2011 xxk f g 000 0 eng d |
| 035 ## - SYSTEM CONTROL NUMBER | |
| System control number | (Sirsi) u153375 |
| 041 0# - LANGUAGE CODE | |
| Language code of text/sound track or separate title | eng |
| 100 1# - MAIN ENTRY--PERSONAL NAME | |
| Personal name | Chao-Duivis, M. A. B. |
| 245 00 - TITLE STATEMENT | |
| Title | Some legal aspects of BIM in establishing a collaborative relationship |
| 260 ## - PUBLICATION, DISTRIBUTION, ETC. | |
| Date of publication, distribution, etc. | 2011 |
| 490 ## - SERIES STATEMENT | |
| Series statement | International Construction Law Review |
| Volume/sequential designation | 28 (3) July 2011, 264-274(11) |
| 520 ## - SUMMARY, ETC. | |
| Summary, etc. | Working with Building Information Modelling has many different legal aspects. Looks at the need for new contractual documents, liability, procurement law, and tenderers all from a Dutch point of view. |
| 650 24 - SUBJECT ADDED ENTRY--TOPICAL TERM | |
| Topical term or geographic name entry element | BUILDING INFORMATION MODELLING |
| 650 24 - SUBJECT ADDED ENTRY--TOPICAL TERM | |
| Topical term or geographic name entry element | BIM |
| 9 (RLIN) | 6219 |
| 651 #4 - SUBJECT ADDED ENTRY--GEOGRAPHIC NAME | |
| Geographic name | Netherlands |
| 690 ## - LOCAL SUBJECT ADDED ENTRY--TOPICAL TERM (OCLC, RLIN) | |
| Topical term or geographic name as entry element | BIM |
| 9 (RLIN) | 6219 |
| 942 ## - ADDED ENTRY ELEMENTS (KOHA) | |
| Suppress in OPAC | 0 |
| Withdrawn status | Lost status | Source of classification or shelving scheme | Damaged status | Not for loan | Home library | Current library | Shelving location | Date acquired | Total Checkouts | Full call number | Barcode | Date last seen | Copy number | Price effective from | Koha item type |
|---|---|---|---|---|---|---|---|---|---|---|---|---|---|---|---|
| Dewey Decimal Classification | London | London | Journal article | 18/07/2011 | L153375 | 153375-1001 | 06/08/2019 | 1 | 06/08/2019 | Journal article |